| 000 | 00403nam a22001577a 4500 | ||
|---|---|---|---|
| 003 | OSt | ||
| 005 | 20211203150857.0 | ||
| 008 | 211203b |||||||| |||| 00| 0 eng d | ||
| 020 | _a978-0-367-46564-3 | ||
| 040 | _cHawassa University | ||
| 050 |
_a355.033/TRA _b3 |
||
| 082 |
_21 _a355.033/TRA _b3 |
||
| 245 | _aTransnational Food Security | ||
| 260 |
_aNew York _bRoutledge _c2020 |
||
| 942 |
_2ddc _cBOOKS _n0 |
||
| 999 |
_c21371 _d21371 |
||